000 01032nam a2200277Ia 4500
003 OSt
005 20221005105856.0
006 a|||||r|||| 00| 0
007 ta
008 221004b |||||||| |||| 00| 0 mal d
020 _a9788172017644 (pbk)
_cINR 100.00
024 _a37802
037 _bBW/1666, 14/03/2018, Bookwell
_cTextual
040 _aCRL
_cCRL
_bmal
041 _2mal
_amal
082 _aO32,3N09,AG, 152Q7
100 _aअंतर्जनम, ललितांबिका, ले.
245 0 _aअग्निसाक्षी
246 _aAgnisākṣhī
260 _aनई दिल्ली
_bसाहित्य अकादेमी भारत
_c2017
300 _a100पृ0
_ccm.
650 _a मलयालम साहित्य
650 _aमलयालम कहानी
942 _hO32,3N09,AG, 152Q7
_cTEXL
_2cc
999 _c1017159
_d1017159